[Event "34th Zalakaros Open 2015"]
[Site "Zalakaros HUN"]
[Date "2015.05.15"]
[Round "2.24"]
[White "Antal, Gergely"]
[Black "Kaczur, Florian"]
[Result "1-0"]
[WhiteTitle "GM"]
[WhiteElo "2511"]
[BlackElo "2336"]
[WhiteFideId "717312"]
[BlackFideId "705098"]
[EventDate "2015.05.14"]
[EventType "swiss"]

1. e4 c5 2. Nf3 Nc6 3. Bb5 Nf6 4. Bxc6 dxc6 5. d3 Nd7 6. e5 Nb6 7. O-O Bf5 8.
Nh4 Qd7 9. Qf3 Bg6 10. Nc3 e6 11. a4 Nd5 12. Bg5 h6 13. Nxg6 fxg6 14. Be3 a5 15.
Ne4 b6 16. c4 Nb4 17. Rad1 Nc2 18. d4 cxd4 19. Qe2 Nxe3 20. fxe3 O-O-O 21. exd4
Bb4 22. c5 Rhf8 23. Qa6+ Kb8 24. Qxb6+ Ka8 25. Nd6 g5 26. Qa6+ Kb8 27. Qe2 Qe7
28. Rf3 g6 29. Rdf1 Rf5 30. g4 Rf4 31. Rxf4 gxf4 32. Rxf4 Rd7 33. Qa6 Bd2 34.
Qc8+ Ka7 35. Rf8 Be3+ 36. Kg2 1-0

[Event "34th Zalakaros Open 2015"]
[Site "Zalakaros HUN"]
[Date "2015.05.15"]
[Round "2.25"]
[White "Reznak, Attila"]
[Black "Torma, Robert"]
[Result "0-1"]
[BlackTitle "IM"]
[WhiteElo "2304"]
[BlackElo "2440"]
[WhiteFideId "727407"]
[BlackFideId "719030"]
[EventDate "2015.05.14"]
[EventType "swiss"]

1. c4 Nf6 2. Nc3 c5 3. Nf3 Nc6 4. g3 d5 5. cxd5 Nxd5 6. Bg2 Nc7 7. O-O e5 8. d3
Be7 9. Bd2 O-O 10. Rc1 Bd7 11. a3 Rc8 12. Ne4 Ne6 13. Be3 b6 14. Nc3 Ned4 15.
Nd5 Bd6 16. Nd2 Bg4 17. Re1 Bb8 18. Rb1 Be6 19. Nc3 f5 20. Rf1 Qe8 21. f4 Qh5
22. b4 exf4 23. Bxf4 cxb4 24. axb4 Ne5 25. Rc1 Ng4 26. h3 Bxf4 27. Rxf4 Ne3 28.
Qe1 Ndc2 29. Qf2 Rxc3 30. Ne4 Rcc8 31. Nd6 Rcd8 32. Nb5 Qe8 33. Nc7 Qd7 34. Rf3
Qxc7 35. Rxe3 Bb3 36. d4 Qf7 37. Rd3 Nxb4 38. Rdc3 Bd5 39. Ra1 0-1

[Event "34th Zalakaros Open 2015"]
[Site "Zalakaros HUN"]
[Date "2015.05.15"]
[Round "2.26"]
[White "Paszewski, Mateusz"]
[Black "Kovalenko, Igor"]
[Result "0-1"]
[BlackTitle "GM"]
[WhiteElo "2200"]
[BlackElo "2650"]
[WhiteFideId "1141058"]
[BlackFideId "14117908"]
[EventDate "2015.05.14"]
[EventType "swiss"]

1. c4 e5 2. g3 Nc6 3. Nc3 Bc5 4. Bg2 d6 5. e3 a6 6. Nge2 Ba7 7. O-O h5 8. h3 f5
9. d4 h4 10. dxe5 Nxe5 11. b3 hxg3 12. fxg3 Nh6 13. Nd4 c6 14. Nce2 Bd7 15. Qc2
Qe7 16. e4 fxe4 17. Qxe4 Nhf7 18. g4 Ng5 19. Bxg5 Qxg5 20. Rad1 O-O-O 21. Qf4
Qe7 22. Ng3 Rdf8 23. Qd2 Rxf1+ 24. Rxf1 Nxg4 25. hxg4 Qe5 26. Ne2 Bxg4 27. Rf2
Bxe2 28. Rxe2 Bxd4+ 29. Kf1 Qf6+ 30. Ke1 Bc3 0-1

[Event "34th Zalakaros Open 2015"]
[Site "Zalakaros HUN"]
[Date "2015.05.15"]
[Round "2.27"]
[White "Horvath, Csaba"]
[Black "Nemeth, Zoltan"]
[Result "1-0"]
[WhiteTitle "GM"]
[BlackTitle "IM"]
[WhiteElo "2549"]
[BlackElo "2306"]
[WhiteFideId "700118"]
[BlackFideId "700657"]
[EventDate "2015.05.14"]
[EventType "swiss"]

1. d4 d5 2. c4 c6 3. Nf3 e6 4. Qc2 f5 5. Bf4 Nf6 6. e3 Be7 7. h3 O-O 8. Nc3 Ne4
9. Bd3 a6 10. Rc1 b5 11. cxd5 cxd5 12. O-O Bb7 13. Ne5 Bd6 14. Ne2 Bxe5 15. Bxe5
Nc6 16. Bh2 Rc8 17. Qd1 Qe7 18. f3 Nd6 19. b3 Nb4 20. Bb1 Rxc1 21. Nxc1 Nf7 22.
Qd2 Rc8 23. Ne2 a5 24. Rc1 Rxc1+ 25. Qxc1 Nc6 26. Bd3 b4 27. Nf4 Na7 28. Bf1 Bc6
29. Nd3 Bb5 30. Qc7 Qxc7 31. Bxc7 Bxd3 32. Bxd3 Nc6 33. g4 g6 34. Kg2 Kg7 35.
Kg3 Kf6 36. Bb5 Nfd8 37. Bb6 Kg5 38. h4+ Kf6 39. e4 h6 40. gxf5 gxf5 41. Kf4
fxe4 42. fxe4 Kg6 43. Be2 Kf6 44. Bf3 Nf7 45. Ke3 dxe4 46. Bxe4 Nfd8 47. Kd3 Ke7
48. Kc4 Kd7 49. Kb5 Kd6 50. Bc5+ Kc7 51. d5 exd5 52. Bxd5 Ne5 53. Kxa5 Ng6 54.
Bb6+ Kd7 55. Be4 Nc6+ 56. Kb5 Nce5 57. Bf2 Nf4 58. Be3 Nfg6 59. Bxg6 Nxg6 60. h5
Ne5 61. Bxh6 Nd3 62. Bd2 1-0

[Event "34th Zalakaros Open 2015"]
[Site "Zalakaros HUN"]
[Date "2015.05.15"]
[Round "2.28"]
[White "Gulamali, Kazim"]
[Black "Nemeth, Miklos1"]
[Result "1/2-1/2"]
[WhiteTitle "FM"]
[BlackTitle "IM"]
[WhiteElo "2309"]
[BlackElo "2478"]
[WhiteFideId "2024764"]
[BlackFideId "720232"]
[EventDate "2015.05.14"]
[EventType "swiss"]

1. d4 Nf6 2. c4 e6 3. Nf3 b6 4. g3 Ba6 5. b3 d5 6. cxd5 exd5 7. Bg2 Bd6 8. O-O
O-O 9. Nc3 Nbd7 10. Bf4 Qe7 11. Qc2 h6 12. Nh4 Bxf4 13. Nf5 Qe6 14. gxf4 Rfe8
15. Bh3 Kh8 16. Kg2 Nh5 17. e3 Bxf1+ 18. Rxf1 Qc6 19. Rc1 Rad8 20. Qd1 Ndf6 21.
a4 Qb7 1/2-1/2

[Event "34th Zalakaros Open 2015"]
[Site "Zalakaros HUN"]
[Date "2015.05.15"]
[Round "2.29"]
[White "Papp, Petra"]
[Black "Varga, Zoltan"]
[Result "1/2-1/2"]
[WhiteTitle "WGM"]
[BlackTitle "GM"]
[WhiteElo "2297"]
[BlackElo "2473"]
[WhiteFideId "739049"]
[BlackFideId "700509"]
[EventDate "2015.05.14"]
[EventType "swiss"]

1. e4 Nf6 2. e5 Nd5 3. d4 d6 4. Nf3 Nb6 5. Nc3 Bf5 6. Nh4 Bd7 7. f4 e6 8. Nf3
dxe5 9. dxe5 Bb4 10. Bd2 Nc6 11. Bd3 Qe7 12. a3 Bxc3 13. bxc3 h6 14. Qe2 Qc5 15.
Qf2 Qxf2+ 16. Kxf2 Na5 17. Rhb1 O-O-O 18. Be3 Nd5 19. Bd2 Nb6 20. Be3 Nd5 21.
Bd2 1/2-1/2

[Event "34th Zalakaros Open 2015"]
[Site "Zalakaros HUN"]
[Date "2015.05.15"]
[Round "2.30"]
[White "Vegh, Endre"]
[Black "Sagar, Shah"]
[Result "1/2-1/2"]
[WhiteTitle "IM"]
[BlackTitle "IM"]
[WhiteElo "2272"]
[BlackElo "2436"]
[WhiteFideId "700568"]
[BlackFideId "5022509"]
[EventDate "2015.05.14"]
[EventType "swiss"]

1. d4 Nf6 2. c4 e6 3. Nc3 Bb4 4. Qc2 d5 5. cxd5 exd5 6. Bg5 c5 7. dxc5 h6 8. Bh4
O-O 9. O-O-O g5 10. Bg3 Bxc3 11. Qxc3 Ne4 12. Qa3 Nc6 13. f3 Nxg3 14. hxg3 Qf6
15. Rxd5 Be6 16. Rd6 Rfc8 17. e4 Ne5 18. Qc3 Rc7 19. b4 a5 20. b5 Nd7 21. Qxf6
Rxc5+ 22. Kb2 Nxf6 23. Bd3 a4 24. a3 Kf8 25. Ne2 Ke7 26. Rd4 Nd7 27. Rc1 b6 28.
Nc3 Ne5 29. Be2 Rac8 30. Rxa4 Bc4 31. Bxc4 Nxc4+ 32. Ka2 Ne3 33. Nd5+ Nxd5 34.
Rxc5 Rxc5 35. exd5 Rxb5 36. Ra7+ Kd6 37. Rxf7 Rxd5 38. Rf6+ Kc5 39. Rxh6 Rd2+
40. Kb3 g4 41. Rh5+ Kc6 42. fxg4 Rd3+ 43. Kc4 Rxg3 44. Rh6+ Kb7 45. Rg6 Rxa3 46.
Rg8 Rg3 47. g5 Rxg2 48. g6 Kc6 49. Rc8+ Kd7 50. Rg8 1/2-1/2

[Event "34th Zalakaros Open 2015"]
[Site "Zalakaros HUN"]
[Date "2015.05.15"]
[Round "2.31"]
[White "Farkas, Richard"]
[Black "Csonka, Balazs"]
[Result "1/2-1/2"]
[BlackTitle "FM"]
[WhiteElo "2265"]
[BlackElo "2433"]
[WhiteFideId "703850"]
[BlackFideId "742910"]
[EventDate "2015.05.14"]
[EventType "swiss"]

1. e4 e5 2. Nf3 Nc6 3. Nc3 Nf6 4. Bb5 Nd4 5. Nxd4 exd4 6. e5 dxc3 7. exf6 Qxf6
8. dxc3 Qe5+ 9. Qe2 Qxe2+ 10. Bxe2 d5 11. O-O Bf5 12. Bf4 O-O-O 13. Bd3 Bxd3 14.
cxd3 Bd6 15. Bxd6 Rxd6 1/2-1/2

[Event "34th Zalakaros Open 2015"]
[Site "Zalakaros HUN"]
[Date "2015.05.15"]
[Round "2.32"]
[White "Meszaros, Tamas"]
[Black "Tantsiura, Maria"]
[Result "1-0"]
[WhiteTitle "IM"]
[BlackTitle "WIM"]
[WhiteElo "2421"]
[BlackElo "2262"]
[WhiteFideId "717410"]
[BlackFideId "14124327"]
[EventDate "2015.05.14"]
[EventType "swiss"]

1. b4 e5 2. b5 d5 3. Bb2 f6 4. e3 Be6 5. Nf3 Bd6 6. d4 e4 7. Nfd2 Ne7 8. c4 c6
9. Nc3 O-O 10. Qb3 Bf7 11. bxc6 bxc6 12. cxd5 cxd5 13. Nb5 Nbc6 14. Nxd6 Qxd6
15. Ba3 Qe6 16. Qa4 Rfb8 17. Be2 Be8 18. O-O a5 19. Rfb1 Nf5 20. Qc2 Rxb1+ 21.
Rxb1 Ncxd4 22. exd4 Nxd4 23. Qd1 e3 24. Nf3 exf2+ 25. Kxf2 Nf5 26. Bc5 Rc8 27.
Rb6 Qd7 28. Bb5 Qc7 29. Qxd5+ Bf7 30. Qxf5 g6 31. Qxf6 Qxc5+ 32. Kg3 Qc7+ 33.
Qd6 Qxd6+ 34. Rxd6 Bxa2 35. Ra6 Bd5 36. Rxa5 Bxf3 37. gxf3 Kg7 38. Ra7+ Kh6 39.
Bd3 Rc5 40. h4 Rd5 41. Bc4 Rd8 42. f4 Rc8 43. Be6 Re8 44. Ba2 Rc8 45. h5 Rc3+
46. Kh4 gxh5 47. Bb1 Rc7 48. Ra6+ Kg7 49. Kxh5 Rc1 50. Ra7+ Kh8 51. Rxh7+ Kg8
52. Rb7 1-0

[Event "34th Zalakaros Open 2015"]
[Site "Zalakaros HUN"]
[Date "2015.05.15"]
[Round "2.33"]
[White "Kreisl, Robert"]
[Black "Peczely, Sebastian Zsombor"]
[Result "1-0"]
[WhiteTitle "IM"]
[WhiteElo "2420"]
[BlackElo "2260"]
[WhiteFideId "1613880"]
[BlackFideId "750964"]
[EventDate "2015.05.14"]
[EventType "swiss"]

1. Nf3 d5 2. d4 Nf6 3. c4 c6 4. g3 Bg4 5. Ne5 Bh5 6. Nc3 e6 7. cxd5 exd5 8. Bg2
Nbd7 9. Nd3 Bd6 10. Bf4 Be7 11. Bc1 O-O 12. Nf4 Bg4 13. f3 Bf5 14. e4 dxe4 15.
fxe4 Bg4 16. Qb3 Nb6 17. h3 Qxd4 18. hxg4 Nxg4 19. Rf1 Nh2 20. Nfe2 Qd8 21. Rh1
Ng4 22. Bf4 Bc5 23. Nd1 Nd7 24. Bh3 Nde5 25. Bxg4 Nxg4 26. Qf3 Nf6 27. Ndc3 Re8
28. e5 Nd7 29. O-O-O Qe7 30. Qd3 Nf8 31. Ne4 Ng6 32. Qc2 Bb6 33. Nd6 Red8 34.
Nd4 Bxd4 35. Rxd4 c5 36. Rdd1 Qe6 37. Kb1 b6 38. Qe4 a5 39. Nf5 a4 40. Rd6 Qe8
41. e6 a3 42. exf7+ Qxf7 43. Rxg6 Re8 44. Nh6+ Kf8 45. Bd6+ 1-0

[Event "34th Zalakaros Open 2015"]
[Site "Zalakaros HUN"]
[Date "2015.05.15"]
[Round "2.34"]
[White "Mesaros, Florian"]
[Black "Balint, Vilmos"]
[Result "1-0"]
[WhiteTitle "FM"]
[WhiteElo "2390"]
[BlackElo "2238"]
[WhiteFideId "1629220"]
[BlackFideId "718050"]
[EventDate "2015.05.14"]
[EventType "swiss"]

1. Nf3 Nf6 2. c4 e6 3. Nc3 Bb4 4. e3 O-O 5. Qc2 c5 6. a3 Ba5 7. d4 b6 8. Be2 Bb7
9. O-O Bxc3 10. Qxc3 Ne4 11. Qc2 f5 12. b4 d6 13. Rd1 Qe7 14. Ne1 Qh4 15. Nd3
cxd4 16. exd4 Nc6 17. Bb2 Rf6 18. g3 Nxd4 19. Bxd4 Nd2 20. Qxd2 Qe4 21. f3 Qxd4+
22. Nf2 1-0

[Event "34th Zalakaros Open 2015"]
[Site "Zalakaros HUN"]
[Date "2015.05.15"]
[Round "2.35"]
[White "Rigo, Janos"]
[Black "Dragnev, Valentin"]
[Result "1/2-1/2"]
[WhiteTitle "IM"]
[BlackTitle "FM"]
[WhiteElo "2264"]
[BlackElo "2385"]
[WhiteFideId "700371"]
[BlackFideId "1634852"]
[EventDate "2015.05.14"]
[EventType "swiss"]

1. e4 c5 2. Nf3 e6 3. Nc3 Nc6 4. Bb5 Nd4 5. Bc4 Qc7 6. O-O Nf6 7. Re1 a6 8. a4
d6 9. d3 Nc6 10. Bf4 Ne5 11. Nxe5 dxe5 12. Bg5 Be7 13. a5 Bd7 14. Bd2 h6 15. Na4
Rd8 16. Nb6 Bc6 17. Qf3 Bd6 18. Qg3 g5 19. h4 g4 20. Bb3 Ke7 21. Nc4 Rdg8 22.
Nxd6 Qxd6 23. Bc3 Nd7 24. Ba4 Bxa4 25. Rxa4 f6 26. b4 Qc6 27. Ra3 h5 28. bxc5
Qxc5 29. Rb3 Kf7 30. Reb1 Rb8 31. R1b2 b5 32. Bb4 Qa7 33. Bd6 Rbc8 34. Bb4 Rc6
35. Bd2 Rhc8 36. c4 bxc4 37. Rb7 Qd4 38. Bc3 Qd6 39. dxc4 R6c7 40. Rd2 Qc6 41.
Rxc7 Rxc7 42. f3 Qxc4 43. fxg4 hxg4 44. Qe3 Nf8 45. Bb2 Qc5 46. Qxc5 Rxc5 47.
Ba3 Rxa5 48. Bxf8 Kxf8 49. Kf2 Ra4 50. Rd6 Ke7 51. Rb6 Rxe4 52. Rxa6 f5 53. h5
Rb4 54. h6 Rb8 55. Ra7+ Kf6 56. h7 Rh8 57. Kg3 Kg6 58. Re7 Kf6 59. Ra7 Rb8 60.
Rb7 Rh8 61. Ra7 e4 62. Kf4 e5+ 63. Ke3 Kg6 64. Ra6+ Kg5 65. Ra7 Kg6 66. Ra6+
Kxh7 67. Rf6 f4+ 68. Kxe4 Re8 69. Ra6 Kg7 70. Kf5 f3 71. Ra7+ Kh6 72. gxf3 gxf3
73. Ke4 f2 74. Rf7 1/2-1/2

[Event "34th Zalakaros Open 2015"]
[Site "Zalakaros HUN"]
[Date "2015.05.15"]
[Round "2.36"]
[White "Dankhazi, Andras"]
[Black "Madl, Ildiko"]
[Result "1/2-1/2"]
[WhiteTitle "FM"]
[BlackTitle "IM"]
[WhiteElo "2223"]
[BlackElo "2356"]
[WhiteFideId "714267"]
[BlackFideId "700550"]
[EventDate "2015.05.14"]
[EventType "swiss"]

1. d4 c5 2. d5 d6 3. e4 Nf6 4. Nc3 g6 5. Nf3 Bg7 6. Be2 O-O 7. O-O Na6 8. h3 Nc7
9. a4 b6 10. Bf4 Bb7 11. Bc4 Nd7 12. Re1 Ne5 13. Bf1 Qd7 14. Bxe5 dxe5 15. Nb5
Ne8 16. c3 a6 17. Na3 Nd6 18. Nc4 Nxc4 19. Bxc4 b5 1/2-1/2

[Event "34th Zalakaros Open 2015"]
[Site "Zalakaros HUN"]
[Date "2015.05.15"]
[Round "2.37"]
[White "Nomin-Erdene, Davaademberel"]
[Black "Boguszlavszkij, Jevgenyij"]
[Result "1-0"]
[WhiteTitle "WFM"]
[BlackTitle "IM"]
[WhiteElo "2337"]
[BlackElo "2216"]
[WhiteFideId "4900782"]
[BlackFideId "700614"]
[EventDate "2015.05.14"]
[EventType "swiss"]

1. e4 d5 2. exd5 Nf6 3. Nc3 Nxd5 4. Nf3 Bf5 5. Bc4 e6 6. O-O Be7 7. Re1 c6 8.
Ne4 Nd7 9. d4 O-O 10. Bb3 h6 11. a3 Bg6 12. c4 N5f6 13. Ng3 Re8 14. Bf4 Nh5 15.
Be3 Nxg3 16. hxg3 Qa5 17. Qd2 Qxd2 18. Bxd2 Bf6 19. Bc3 Red8 20. Rad1 Rac8 21.
Nd2 c5 22. d5 Bxc3 23. bxc3 Nb6 24. dxe6 fxe6 25. Rxe6 Bf7 26. Re7 Rd3 27. Ne4
Rxd1+ 28. Bxd1 Bxc4 29. Bg4 Rb8 30. Nxc5 Nd5 31. Be6+ Kh8 32. Rxb7 Rxb7 33. Nxb7
Nb6 34. Bxc4 Nxc4 35. a4 Kg8 36. Kf1 Kf7 37. Nc5 Ke7 38. Ke2 Kd6 39. Nb3 Kd5 40.
a5 a6 41. f4 Nb2 42. Kd2 Kc4 43. Nd4 Kd5 44. Nf5 Nc4+ 45. Kd3 Nxa5 46. Nxg7 Nc4
47. Nf5 a5 48. Ne3+ 1-0

[Event "34th Zalakaros Open 2015"]
[Site "Zalakaros HUN"]
[Date "2015.05.15"]
[Round "2.38"]
[White "Vajda, Szidonia"]
[Black "Csati, Oliver"]
[Result "1-0"]
[WhiteTitle "IM"]
[WhiteElo "2333"]
[BlackElo "2189"]
[WhiteFideId "723894"]
[BlackFideId "702170"]
[EventDate "2015.05.14"]
[EventType "swiss"]

1. e4 c5 2. Nf3 Nc6 3. Bb5 g6 4. Bxc6 dxc6 5. d3 Bg7 6. h3 h6 7. Nc3 e5 8. a4 a5
9. b3 f5 10. Bb2 f4 11. Nb1 Qd6 12. Na3 Be6 13. Nc4 Bxc4 14. dxc4 Qe6 15. Qd2
Nf6 16. O-O-O Nxe4 17. Qe1 Ng5 18. Nxe5 O-O 19. h4 Nf7 20. Nd7 Bxb2+ 21. Kxb2
Rfe8 22. Qc3 Red8 23. Nxc5 Qe7 24. Nd3 Qd6 25. Rhe1 b5 26. c5 Qc7 27. Qf6 bxa4 1-0

[Event "34th Zalakaros Open 2015"]
[Site "Zalakaros HUN"]
[Date "2015.05.15"]
[Round "2.39"]
[White "Bodi, Tibor"]
[Black "Baskin, Robert"]
[Result "1/2-1/2"]
[BlackTitle "FM"]
[WhiteElo "2204"]
[BlackElo "2333"]
[WhiteFideId "701084"]
[BlackFideId "24662402"]
[EventDate "2015.05.14"]
[EventType "swiss"]

1. Nf3 Nf6 2. c4 c5 3. Nc3 d5 4. cxd5 Nxd5 5. g3 g6 6. Bg2 Nc6 7. O-O Bg7 8. Qb3
Nb6 9. d3 O-O 10. Ne4 c4 11. dxc4 Na5 12. Qb4 Naxc4 13. Bg5 f6 14. Rad1 Qe8 15.
Bc1 f5 16. Nc3 Kh8 17. Nd5 Nxd5 18. Qxc4 Nb6 19. Qh4 Qa4 20. Qxe7 Qxa2 21. Ng5
h6 22. Nh3 Qg8 23. Nf4 Re8 24. Qd6 g5 25. Ng6+ Kh7 26. Ne7 Qf7 27. Nxc8 Raxc8
28. Be3 Nc4 29. Qd7 Qxd7 30. Rxd7 Nxe3 31. fxe3 Rxe3 32. Rxf5 Kg6 33. Rf1 1/2-1/2

[Event "34th Zalakaros Open 2015"]
[Site "Zalakaros HUN"]
[Date "2015.05.15"]
[Round "2.40"]
[White "Gara, Anita"]
[Black "Marosi, Levente"]
[Result "1/2-1/2"]
[WhiteTitle "IM"]
[BlackTitle "FM"]
[WhiteElo "2325"]
[BlackElo "2153"]
[WhiteFideId "709751"]
[BlackFideId "747181"]
[EventDate "2015.05.14"]
[EventType "swiss"]

1. e4 c5 2. c3 d5 3. exd5 Qxd5 4. d4 Nc6 5. Nf3 Bf5 6. Be3 Nf6 7. Na3 e6 8. Qa4
cxd4 9. Nxd4 Bxa3 10. Nxc6 O-O 11. Qxa3 Qxc6 12. Qc5 Qe4 13. Qd4 Qc2 14. Qd2 Qa4
15. Qd4 Qc2 16. Qd2 Qa4 17. Qd4 Qc2 1/2-1/2

[Event "34th Zalakaros Open 2015"]
[Site "Zalakaros HUN"]
[Date "2015.05.16"]
[Round "3.1"]
[White "Ragger, Markus"]
[Black "Horvath, Jozsef1"]
[Result "1-0"]
[WhiteTitle "GM"]
[BlackTitle "GM"]
[WhiteElo "2668"]
[BlackElo "2538"]
[WhiteFideId "1610856"]
[BlackFideId "700061"]
[EventDate "2015.05.14"]
[EventType "swiss"]

1. d4 Nf6 2. c4 e6 3. Nf3 d5 4. g3 c5 5. Bg2 Nc6 6. O-O Be7 7. cxd5 exd5 8. dxc5
Bxc5 9. a3 Ne4 10. Nfd2 Bf5 11. Nxe4 Bxe4 12. Bxe4 dxe4 13. Qc2 Qe7 14. Nc3 f5
15. Rd1 Bd4 16. Nb5 Rd8 17. Bf4 Kf7 18. Qa4 Bb6 19. Nd6+ Kg6 20. h4 h6 21. h5+
Kxh5 22. Nxf5 Qf6 23. Qxe4 g5 24. Ng7+ Qxg7 25. g4+ Kh4 26. Bg3+ 1-0

[Event "34th Zalakaros Open 2015"]
[Site "Zalakaros HUN"]
[Date "2015.05.16"]
[Round "3.2"]
[White "Efimenko, Zahar"]
[Black "Boruchovsky, Avital"]
[Result "1/2-1/2"]
[WhiteTitle "GM"]
[BlackTitle "GM"]
[WhiteElo "2656"]
[BlackElo "2517"]
[WhiteFideId "14107201"]
[BlackFideId "2800055"]
[EventDate "2015.05.14"]
[EventType "swiss"]

1. e4 c5 2. Nf3 d6 3. d4 cxd4 4. Nxd4 Nf6 5. Nc3 a6 6. Be2 e5 7. Nb3 Be7 8. O-O
O-O 9. Qd3 Nc6 10. a3 Be6 11. Nd5 Rc8 12. c4 Nd7 13. Be3 Bg5 14. Rad1 Bxe3 15.
Qxe3 Nc5 16. Nxc5 dxc5 17. f4 Kh8 18. b4 cxb4 19. axb4 exf4 20. Rxf4 Qd6 21. Nb6
Nd4 22. Rxd4 Qxb6 23. c5 Qc7 24. Bg4 a5 25. h3 Qe5 26. Bxe6 fxe6 27. Rxf8+ Rxf8
28. Qd2 axb4 29. Qxb4 h6 30. Rd1 Rc8 31. Qxb7 Rxc5 32. Qf7 Kh7 33. Qf2 Rc4 34.
Re1 1/2-1/2

[Event "34th Zalakaros Open 2015"]
[Site "Zalakaros HUN"]
[Date "2015.05.16"]
[Round "3.3"]
[White "Papp, Gabor1"]
[Black "Sadzikowski, Daniel"]
[Result "1-0"]
[WhiteTitle "GM"]
[BlackTitle "IM"]
[WhiteElo "2594"]
[BlackElo "2494"]
[WhiteFideId "718602"]
[BlackFideId "1132253"]
[EventDate "2015.05.14"]
[EventType "swiss"]

1. e4 c5 2. Nf3 d6 3. d4 cxd4 4. Nxd4 Nf6 5. Nc3 a6 6. Bg5 e6 7. f4 h6 8. Bh4
Qb6 9. Qd2 Qxb2 10. Rb1 Qa3 11. e5 dxe5 12. fxe5 g5 13. exf6 gxh4 14. Be2 Qa5
15. O-O Nd7 16. Kh1 Qg5 17. Qd3 Rg8 18. Bf3 h3 19. g3 Ne5 20. Qe2 Nxf3 21. Rxf3
Rg6 22. Nf5 Bd7 23. Ne4 Qg4 24. Ng7+ Kd8 25. Qd3 e5 26. Rxb7 Kc8 27. Nf5 Bc6 28.
Re7 Rxf6 29. Ned6+ Rxd6 30. Nxd6+ Kd8 31. Nxf7+ 1-0

[Event "34th Zalakaros Open 2015"]
[Site "Zalakaros HUN"]
[Date "2015.05.16"]
[Round "3.4"]
[White "Diermair, Andreas"]
[Black "Bluebaum, Matthias"]
[Result "1/2-1/2"]
[WhiteTitle "IM"]
[BlackTitle "IM"]
[WhiteElo "2488"]
[BlackElo "2594"]
[WhiteFideId "1612468"]
[BlackFideId "24651516"]
[EventDate "2015.05.14"]
[EventType "swiss"]

1. Nf3 d5 2. d4 Nf6 3. c4 e6 4. Nc3 Bb4 5. cxd5 exd5 6. Bg5 h6 7. Bxf6 Qxf6 8.
Qa4+ Nc6 9. e3 O-O 10. Be2 a6 11. O-O Be6 12. Rfc1 Bd6 13. Qd1 Ne7 14. Na4 Rad8
15. Nc5 Bc8 16. Qb3 Bxc5 17. Rxc5 c6 18. Bd3 Rfe8 19. a4 Qd6 20. Rac1 g6 21. Qb6
Kg7 22. R5c2 Qb8 23. b4 Rd6 24. Qc5 Be6 25. b5 cxb5 26. axb5 Rc8 27. Qb4 Rxc2
28. Rxc2 axb5 29. Bxb5 Qd8 30. h3 Ng8 31. Ne5 Nf6 32. f3 Qb6 33. Rb2 Qc7 34. Qc5
Qxc5 35. dxc5 Rd8 36. Bd3 Nd7 37. Nxd7 1/2-1/2

[Event "34th Zalakaros Open 2015"]
[Site "Zalakaros HUN"]
[Date "2015.05.16"]
[Round "3.5"]
[White "Szabo, Gergely-Andras-Gyula"]
[Black "Havasi, Gergo"]
[Result "1/2-1/2"]
[WhiteTitle "GM"]
[WhiteElo "2548"]
[BlackElo "2319"]
[WhiteFideId "1205064"]
[BlackFideId "760293"]
[EventDate "2015.05.14"]
[EventType "swiss"]

1. c4 e5 2. g3 Nf6 3. Bg2 c6 4. d4 exd4 5. Qxd4 Na6 6. Nf3 Bc5 7. Qe5+ Be7 8.
Nc3 O-O 9. O-O Re8 10. Rd1 Nc7 11. Qf5 Bb4 12. Qc2 Qe7 13. Bf4 Ne6 14. Bd2 Bc5
15. Na4 Bb6 16. Nxb6 axb6 17. e4 d6 18. Re1 Ng4 19. Bc3 Nc7 20. b3 b5 21. cxb5
Nxb5 22. Bb2 Ne5 23. Nd2 c5 24. f4 Nc6 25. Nc4 Nbd4 26. Qd2 Bh3 27. Nb6 Bxg2 28.
Kxg2 Ra6 29. Nd5 Qd7 30. f5 f6 31. b4 Qf7 32. bxc5 dxc5 33. Bxd4 Nxd4 34. Qc3
Nxf5 35. Qxc5 Nd6 36. Qd4 Rc6 37. Rac1 Rxc1 38. Rxc1 Rxe4 39. Qd3 Re5 40. Rd1
Ne8 41. Rd2 g6 42. Nf4 Kg7 43. Qd8 Re7 44. Qd5 Qxd5+ 45. Rxd5 g5 46. Nd3 Re2+
47. Nf2 Rxa2 48. Rd7+ Kg6 49. Rxb7 Nd6 50. Rb4 Nf7 51. Rd4 Ne5 52. h3 h5 53. Kf1
Nf3 54. Rd3 Nd2+ 55. Ke1 Nc4 56. Kf1 Ra1+ 57. Kg2 Re1 58. Rd8 Ne3+ 59. Kf3 Nf5
60. Kg2 Re2 61. g4 Nh4+ 62. Kf1 Ra2 63. Rd6 Ra1+ 64. Ke2 Ng2 65. Kf3 Nf4 66.
gxh5+ Nxh5 67. h4 gxh4 68. Rd4 Kf5 69. Rd5+ Kg6 70. Rd4 f5 71. Rxh4 Ra3+ 72. Kg2
Kg5 73. Rc4 Nf4+ 74. Kh2 Rf3 75. Kg1 Ra3 76. Kh2 Ra2 77. Kg3 Nh5+ 78. Kf3 Nf4
79. Kg3 Ra3+ 1/2-1/2

[Event "34th Zalakaros Open 2015"]
[Site "Zalakaros HUN"]
[Date "2015.05.16"]
[Round "3.6"]
[White "Gonda, Laszlo"]
[Black "Berkes, Ferenc"]
[Result "1/2-1/2"]
[WhiteTitle "GM"]
[BlackTitle "GM"]
[WhiteElo "2553"]
[BlackElo "2664"]
[WhiteFideId "720852"]
[BlackFideId "718572"]
[EventDate "2015.05.14"]
[EventType "swiss"]

1. d4 d6 2. Nf3 Nf6 3. c4 g6 4. Nc3 Bg7 5. e4 O-O 6. Be2 e5 7. O-O Nc6 8. Be3
Ng4 9. Bg5 f6 10. Bh4 g5 11. Bg3 Nh6 12. dxe5 fxe5 13. Nd5 g4 14. Bh4 Qd7 15.
Ne1 Nd4 16. Nc2 Nxe2+ 17. Qxe2 Rf7 18. Nce3 c6 19. Nc3 Qe6 20. Rad1 Qg6 21. Rd3
Bf8 22. Rfd1 Be6 23. b4 Re8 24. Qc2 a6 25. a4 Rc7 26. R3d2 Nf7 27. Qb1 Qh5 28.
Bg3 Qg5 29. Rf1 h5 30. f4 Qh6 31. Qe1 exf4 32. Bxf4 1/2-1/2